LIBRARY & INFORMATION CENTRE, KCAET, TAVANUR

ONLINE PUBLIC ACCESS CATALOGUE (OPAC)

Pumps-The developing needs papers presented at the seventh technical conference of the Brittish pump manufactures association / (Record no. 10690)

MARC details
000 -LEADER
fixed length control field 00498cam a2200157ua 4500
020 ## - INTERNATIONAL STANDARD BOOK NUMBER
ISBN 0 9006085 52 7
041 ## - LANGUAGE CODE
Language code of text/sound track or separate title eng
082 ## - DEWEY DECIMAL CLASSIFICATION NUMBER
Classification number 028.74621
Item number STE/PU
100 ## - MAIN ENTRY--AUTHOR NAME
Personal name Stephens, H S .
245 ## - TITLE STATEMENT
Title Pumps-The developing needs papers presented at the seventh technical conference of the Brittish pump manufactures association /
260 ## - PUBLICATION, DISTRIBUTION, ETC. (IMPRINT)
Place of publication :
Name of publisher BHRA fluid engineering ,
Year of publication 1981.
300 ## - PHYSICAL DESCRIPTION
Number of Pages 314 ; .
942 ## - ADDED ENTRY ELEMENTS (KOHA)
Koha item type Books
Holdings
Withdrawn status Lost status Damaged status Home library Current library Date acquired Full call number Accession Number Koha item type
      KAUAET KAUAET 07/04/2012 028.74621 18015 Reference
free website counter